| 000 | 01127cam a22002774a 4500 | ||
|---|---|---|---|
| 001 | 15832070 | ||
| 005 | 20230929095818.0 | ||
| 008 | 090724s2009 ke b 000 0 eng | ||
| 906 |
_a7 _bcbc _corigode _d2 _encip _f20 _gy-gencatlg |
||
| 925 | 0 |
_aacquire _b1 shelf copy _xpolicy default |
|
| 955 |
_dxg14 2010-01-05 _exg18 2010-01-20 to BCCD |
||
| 010 | _a 2009349821 | ||
| 020 | _a9966723730 | ||
| 040 |
_aDLC _cDLC |
||
| 042 | _alcode | ||
| 043 | _af-tz--- | ||
| 050 | 0 | 0 |
_aKTT211.3 _b.J47 2009 |
| 100 | 1 | _aJesse, James E. M. C. | |
| 245 | 1 | 4 |
_aThe freedom of speech for members of parliament in Tanzania : _ban appraisal of law and practice in light of international human rights law and best practices / _cJames E.M.C. Jesse. |
| 260 |
_aNairobi, Kenya : _bLawAfrica Pub., _cc2009. |
||
| 300 |
_axvi, 94 p. ; _c21 cm. |
||
| 504 | _aIncludes bibliographical references (p. [91]-94). | ||
| 650 | 0 |
_aFreedom of speech _zTanzania. |
|
| 650 | 0 |
_aLegislators _zTanzania. |
|
| 985 | _eODE-nb | ||
| 999 |
_c7257 _d7257 |
||